000 00866cam a2200277 i 4500
001 123037
005 20230404125641.0
008 160826s2007 mx r 000 0 spa d
020 _a9781921235368
020 _a1921235365
041 0 _aspa
050 1 4 _aCD F
100 1 _aGuevara, Ernesto,
_d1928-1967.
245 1 3 _aLa planificación socialista, su significado /
_cErnesto Che Guevara.
260 _aMéxico, D. F. :
_bOcean Sur,
_c2007
300 _a16 p. ;
_c22 cm.
440 0 _aLecturas para reflexión. Ernesto Che Guevara.
650 0 _aMarxian economics.
651 0 _aCuba
_xEconomic conditions
_y1959-1990.
651 0 _aCommunist countries
_xEconomic policy.
650 4 _aEconomía marxista.
651 4 _aCuba
_xPolítica económica
_y1959-1990.
651 4 _aPaíses comunistas
_xPolítica económica.
942 _2lcc
_ccd
946 _aJaaM
999 _c1868
_d1868